A first laboratory guide in psychology (Record no. 23584)

000 -LEADER
fixed length control field 00741 a2200169 4500
003 - CONTROL NUMBER IDENTIFIER
control field NUST
005 - DATE AND TIME OF LATEST TRANSACTION
control field 20170525131731.0
008 - FIXED-LENGTH DATA ELEMENTS--GENERAL INFORMATION
fixed length control field 170525b xxu||||| |||| 00| 0 eng d
020 ## - INTERNATIONAL STANDARD BOOK NUMBER
International Standard Book Number 8130706067
040 ## - CATALOGING SOURCE
Original cataloging agency DLC
Language of cataloging DLC
Transcribing agency RCMS
050 ## - LIBRARY OF CONGRESS CALL NUMBER
Classification number 150.13 COL
082 ## - DEWEY DECIMAL CLASSIFICATION NUMBER
Classification number 150.13 COL
100 ## - MAIN ENTRY--PERSONAL NAME
Personal name Mary Collins
9 (RLIN) 1431
245 ## - TITLE STATEMENT
Title A first laboratory guide in psychology
Statement of responsibility, etc. Mary Collins and James Drever
260 ## - PUBLICATION, DISTRIBUTION, ETC.
Place of publication, distribution, etc. New Delhi:
Name of publisher, distributor, etc. Cosmo Publications,
Date of publication, distribution, etc. c2007.
300 ## - PHYSICAL DESCRIPTION
Extent vii, 107 p. :
Other physical details ill. ;
Dimensions 21 cm.
500 ## - GENERAL NOTE
General note Includes Index
538 ## - SYSTEM DETAILS NOTE
Display text Shelf # 13, Row # 1, Fiction.
650 ## - SUBJECT ADDED ENTRY--TOPICAL TERM
Topical term or geographic name entry element Psychophysiology.
9 (RLIN) 1432
942 ## - ADDED ENTRY ELEMENTS (KOHA)
Koha item type Book
Call number prefix 150 COL
Source of classification or shelving scheme
Holdings
Withdrawn status Lost status Source of classification or shelving scheme Damaged status Not for loan Permanent Location Current Location Shelving location Date acquired Full call number Barcode Date last seen Price effective from Koha item type Total Checkouts
          Central Library (CL) Central Library (CL) General Stacks 12/19/2013 150 COL RCMS000677 12/19/2013 12/19/2013 Book  
          School of Interdisciplinary Engineering and Sciences (SINES) School of Interdisciplinary Engineering and Sciences (SINES) General Stacks 12/19/2013 150.13COL RCMS000678 12/19/2013 12/19/2013 Book  
© 2023 Central Library, National University of Sciences and Technology. All Rights Reserved.